Dancing with the Stars Professionals - Statistics

General Stats
  • This quiz has been taken 409 times
  • The average score is 21 of 42
Answer Stats
Season (s) Answer % Correct
13 - 21 Valentin Chmerkovskiy
93%
4 - 11, 13 - 21 Derek Hough
91%
18 - 21 Witney Carson
87%
4 - 8 Julianne Hough
85%
2 - 5, 7 - 15, 18 Maksim Chmerkovskiy
85%
5 - 21 Mark Ballas
85%
16; 21 Lindsay Arnold
83%
13 - 20 Peta Murgatroyd
77%
2 - 19 Cheryl Burke
76%
17 - 21 Emma Slater
76%
17 Sasha Farber
74%
16 - 21 Sharna Burgess
71%
19, 20 Artem Chigvintsev
65%
2 - 21 Tony Dovolani
63%
16 Gleb Savchenko
61%
3 - 9, 11 - 19, 21 Karina Smirnoff
59%
3 - 9, 11 - 16, 20 Kym Johnson
56%
19 - 21 Keo Motsepe
54%
1 - 3, 6, 9 - 12, 15, 21 Louis van Amstel
52%
2, 5, 6, 9 - 15, 21 Anna Trebunskaya
48%
9 Anna Demidova
47%
1, 4, 5, 7, 9 Alec Mazo
46%
19 - 21 Allison Holker
45%
1 - 10 Edyta Sliwinska
44%
7; 11 Corky Ballas
38%
8 - 12, 14, 15 Chelsie Hightower
37%
7 - 9, 11 - 13 Lacey Schwimmer
32%
1- 3; 10 Ashly DelGrosso Costa
29%
1 Charlotte Jorgenson
29%
13 - 17 Tristan MacManus
28%
18 Henry Byalikov
26%
8, 9 Dmitry Chaplan
25%
17 Tyne Stecklein
25%
1, 2, 4 - 6, 8, 9 Jonathan Roberts
24%
2 Andrea Hale
23%
4 Brian Fortuna
22%
2, 3 Nick Kosovich
22%
10 Damian Whitewood
21%
3, 4 Elena Grinenko
21%
6 Fabian Sanchez
21%
7 Inna Brayer
20%
3 Jesse DeSoto
18%
No matching quizzes found
Score Distribution
Percent of People with Each Score
Percentile by Number Answered
Your Score History
You have not taken this quiz